Central Library OPAC University of Rajshahi

Barron's TOEFL iBT : (Record no. 38137)

MARC details
000 -LEADER
fixed length control field 01151nam a2200289 a 4500
001 - CONTROL NUMBER
control field 38137
003 - CONTROL NUMBER IDENTIFIER
rucl marc code (BD-RjUL)
005 - DATE AND TIME OF LATEST TRANSACTION
control field 20211209052731.0
008 - FIXED-LENGTH DATA ELEMENTS--GENERAL INFORMATION
fixed length control field 060915s2006 nyua 000 0 eng d
020 ## - INTERNATIONAL STANDARD BOOK NUMBER
International Standard Book Number 0764179055
035 ## - SYSTEM CONTROL NUMBER
System control number (BD-RjUL)55080
040 ## - CATALOGING SOURCE
Original cataloging agency EYP
Transcribing agency EYP
Modifying agency BAKER
-- YDXCP
-- OCLCQ
-- VP@
-- BD-RjUL
Language of cataloging eng
082 ## - DEWEY DECIMAL CLASSIFICATION NUMBER
Edition number 22
Classification number 428.0076
Author mark and year SHB
100 1# - MAIN ENTRY--PERSONAL NAME
Personal name Sharpe, Pamela J.
9 (RLIN) 118017
245 10 - TITLE STATEMENT
Title Barron's TOEFL iBT :
Remainder of title internet-based test 2009 /
Statement of responsibility, etc. Pamela J. Sharpe.
246 30 - VARYING FORM OF TITLE
Title proper/short title TOEFL iBT, internet-based test 2009
Title proper/short title Test of English as a foreign language internet-based test 2009
250 ## - EDITION STATEMENT
Edition statement 12th ed.
260 ## - PUBLICATION, DISTRIBUTION, ETC. (IMPRINT)
Place of publication, distribution, etc. Hauppauge, N.Y. :
Name of publisher, distributor, etc. Barron's,
Date of publication, distribution, etc. c2006.
300 ## - PHYSICAL DESCRIPTION
Pagination xiv, 812 p. :
Illustrations ill. ;
Size 28 cm. +
Accompanying material 1 CD-ROM (4 3/4 in.)
500 ## - GENERAL NOTE
General note "Previous edition under the title How to prepare for the TOEFL test: test of English as a foreign language"--T.p. verso.
650 #0 - SUBJECT ADDED ENTRY--TOPICAL TERM
Topical term or geographic name as entry element Test of English as a Foreign Language
Form subdivision Study guides.
9 (RLIN) 118018
Topical term or geographic name as entry element English language
General subdivision Examinations
Form subdivision Study guides.
9 (RLIN) 118019
Topical term or geographic name as entry element English language
Form subdivision Textbooks for foreign speakers.
9 (RLIN) 117011
942 ## - ADDED ENTRY ELEMENTS (KOHA)
Source of classification or shelving scheme Dewey Decimal Classification
Koha item type Audio Visual (AV) Materials
Holdings
Lost status Source of classification or shelving scheme Damaged status Not for loan Permanent Location Current Location Shelving location Date acquired Source of acquisition Cost, normal purchase price Total Checkouts Full call number Date last seen Copy number Koha item type
  Dewey Decimal Classification   Not For Loan Central Library, University of Rajshahi Central Library, University of Rajshahi Audio Visual Section 14/09/2015 Karim International 180.00   AV 428.0076 SHB 14/09/2015 C.1 Audio Visual (AV) Materials